MARC

LEADER 00000nam0a2200000 4500
001 364780
005 20231102011725.0
035 |a (RuTPU)RU\TPU\retro\22143 
035 |a RU\TPU\retro\22028 
090 |a 364780 
100 |a 20211129d1957 k y0rusy50 ca 
101 0 |a rus 
102 |a RU 
105 |a a z 001zy 
200 1 |a Отличительные черты петрографии и петрохимии разновозрастных формаций малых интрузий Главного золотоносносного пояса Северо-Востока СССР  |f Ф. Р. Апельцин, М. Ф. Чиликин  |g Всесоюзный научно-исследовательский институт золота и редких металлов 
210 |a Магадан  |c Изд-во ВНИИ-1  |d 1957 
215 |a 116 с.  |c ил. 
225 1 |a Труды ВНИИ-1 (Всесоюзного научно-исследовательского института золота и редких металлов) 
225 1 |a Раздел 2. Геология  |v Вып. 32 
320 |a Библиогр. в конце ст. 
606 1 |a Геология  |2 stltpush  |3 (RuTPU)RU\TPU\subj\6095  |9 34054 
610 1 |a петрография 
610 1 |a Северо-Восток СССР 
610 1 |a петрохимия 
610 1 |a малые интрузии 
610 1 |a золотоносность 
610 1 |a формации 
610 1 |a химизм 
610 1 |a таблицы 
610 1 |a минералы 
610 1 |a химические анализы 
675 |a 55  |v 4 
700 1 |a Апельцин  |b Ф. Р. 
712 0 2 |a Всесоюзный научно-исследовательский институт золота и редких металлов  |c (Магадан)  |c (1960-1994)  |2 stltpush  |3 (RuTPU)RU\TPU\col\7605  |9 24351 
801 1 |a RU  |b 63413507  |c 20211018 
801 2 |a RU  |b 63413507  |c 20211129  |g RCR 
942 |c BK